000
00319nam a22001337a 4500
008
170627b xxu||||| |||| 00| 0 eng d
020
_a
9780155050983
041
_a
eng
080
_2
811
_a
5TH
100
_a
21
101
_a
GJL
245
_a
STEPS TO WRITING WELL WITH ADDITIONAL READINGS
_c
WYRICK,J
942
_2
udc
_c
BK
999
_c
19216
_d
19216